000 00489nam a2200217Ia 4500
003 OSt
005 20221005130122.0
006 a|||||r|||| 00| 0
007 ta
008 221004b |||||||| |||| 00| 0 eng d
024 _a119389
037 _cTextual
040 _aCRL
_cCRL
_beng
041 _2eng
_aeng
100 _aMaccoby J
_9637629
245 0 _aRadical tradition
260 _c1966
650 _aHISTORY
942 _cTEXL
_2cc
999 _c1056156
_d1056156